Marine electrical power generation and distribution (Record no. 12482)

000 -LEADER
fixed length control field 00502nam a22001697a 4500
008 - FIXED-LENGTH DATA ELEMENTS--GENERAL INFORMATION
fixed length control field 240626b 2023 ||||| |||| 00| 0 eng d
020 ## - INTERNATIONAL STANDARD BOOK NUMBER
International Standard Book Number 9789355422385
082 ## - DEWEY DECIMAL CLASSIFICATION NUMBER
Classification number 621.3
Item number FER
100 ## - MAIN ENTRY--PERSONAL NAME
Personal name Fernandez, Elstan A.
245 ## - TITLE STATEMENT
Title Marine electrical power generation and distribution
260 ## - PUBLICATION, DISTRIBUTION, ETC. (IMPRINT)
Place of publication, distribution, etc Mumbai
Name of publisher, distributor, etc Shroff Publishers
Date of publication, distribution, etc 2023
300 ## - PHYSICAL DESCRIPTION
Extent 296p.
650 ## - SUBJECT ADDED ENTRY--TOPICAL TERM
Topical term or geographic name as entry element Alternating current generators
650 ## - SUBJECT ADDED ENTRY--TOPICAL TERM
Topical term or geographic name as entry element Direct current generators
650 ## - SUBJECT ADDED ENTRY--TOPICAL TERM
Topical term or geographic name as entry element Power generation onboard ships
942 ## - ADDED ENTRY ELEMENTS (KOHA)
Item type Books
Holdings
Withdrawn status Lost status Source of classification or shelving scheme Damaged status Not for loan Collection code Permanent location Current location Shelving location Date acquired Total Checkouts Full call number Barcode Date last seen Date last borrowed Koha item type Public note Checked out Total Renewals
          Non-fiction IMU-MPC Library IMU-MPC Library General Stacks 2024-06-26 1 621.3 FER MPC6832 2026-04-15 2026-04-07 Books Column-24    
          Non-fiction IMU-MPC Library IMU-MPC Library General Stacks 2024-06-26 2 621.3 FER MPC6833 2025-07-16 2025-07-16 Books Column-24 2026-03-31  
          Non-fiction IMU-MPC Library IMU-MPC Library General Stacks 2024-06-26 2 621.3 FER MPC6834 2026-04-10 2026-04-07 Books Column-24   1
Copyright © 2021 Indian Maritime University, Mumbai Port Campus. All Rights Reserved. Managed & Maintained by Central Library, IMU-Mumbai

webs counters

Powered by Koha